Holiday Quiz

Random Holiday or Christmas Quiz

Finish the Lyrics (Christmas) Quiz Stats

 Plays Quiz Updated Dec 19, 2018

Score 0/24 Timer 08:00
3 Plays Today
Lyrics Rest of Lyrics % Correct
Rudolph, the red-nosed reindeer (*reindeer*)...Had a very shiny nose (*like a light bulb*)
96.3%
Oh, jingle bells, jingle bells...Jingle all the way
92.3%
We wish you a Merry Christmas; Wish we wish you a merry Christmas; We wish you a Merry Christmas...And a Happy New Year
89%
On the first day of Christmas,...My true love gave to me
87.9%
Oh the weather outside is frightful,...But the fire is so delightful
77.6%
I'm dreaming of a white Christmas...Just like the ones I used to know
75.9%
You better watch out, you better not cry...Better not pout I'm telling you why
74.5%
Chestnuts roasting on an open fire,...Jack Frost nipping at your nose
72.1%
Here Comes Santa Claus, here comes Santa Claus,...Right down Santa Claus lane
69.6%
Frosty the snowman was a jolly happy soul, with a corncob pipe and a button nose...And two eyes made out of coal
62.3%
Round yon Virgin Mother and Child. Holy Infant so tender and mild...Sleep in heavenly peace
61%
Sleigh bells ring, are you listening,...In the lane, snow is glistening
57.6%
Lyrics Rest of Lyrics % Correct
I saw Mommy kissing Santa Claus...Underneath the mistletoe last night.
57.5%
It's beginning to look a lot like Christmas...Everywhere you go
54.5%
Rocking around the Christmas Tree...At the Christmas party hop
52.1%
Have a Holly Jolly Christmas...It's the best time of the year
50.4%
Silver bells, silver bells...It's Christmas time in the city
47.4%
Feliz Navidad, Prospero Año y Felicidad... I wanna wish you a Merry Christmas
45.8%
Grandma got run over by a reindeer...Walking home from our house Christmas eve
40.7%
Come they told me, pa rum pum pum pum...A new born King to see, pa rum pum pum pum
38.1%
Have yourself a merry little Christmas,...Let your heart be light
37.9%
So this is Christmas, and what have you done. Another year over...And a new one just begun
34%
Jingle bell, jingle bell, jingle bell rock...Jingle bells swing and jingle bells ring
27.4%
Santa baby, slip a sable under the tree, for me...Been an awful good girl
19.3%

You're not logged in!

Compare scores with friends on all Sporcle quizzes.
OR
Log In

Show Comments

Extras

Top Quizzes Today


Score Distribution

Your Account Isn't Verified!

In order to create a playlist on Sporcle, you need to verify the email address you used during registration. Go to your Sporcle Settings to finish the process.

Report this User

Report this user for behavior that violates our Community Guidelines.

Details: